MDQL
is popping MORE tags! Check the
thread
!
Quizzes
Events
Quiz Creation
Community
Videos
Private Events
Remove Ads
Sign In
Join for FREE
Feedback
Dark Mode
Quiz Categories
Sports
Geography
Music
Movies
Television
Just For Fun
Miscellaneous
History
Literature
Language
Science
Gaming
Entertainment
Religion
Holiday
For Kids
Quiz Lab
Recent
Popular Today
Quiz Kudos Today
Editor Picks
Curator Picks
Quizzes by...
Day
Popularity
Type
Ratings
Length
Year
Community
Subscriptions
Recent Discussions
Orange Saloon
Badges
Playlists
Quests
Create
Leaderboards
Showdown
Live 5
Trivia Bingo
Activity
Puzzle Library
Sporcle Events
Private Events
Virtual Trivia
Globe League
Become a Host
Pub Owners
SporcleCon
Opinionation
Our Games
Videos
Blog
Mobile Apps
Partnerships
Remove Ads and Go Orange
Feedback
Miscellaneous
Crossword
General Knowledge
Baby Names
Logo
Food
Cars
Numbers
Grab Bag
University
College
Popular
Company
Slogans
Restaurants
Justice
Letter
Miscellaneous
Crossword
General Knowledge
Baby Names
Logo
Food
Cars
Numbers
Grab Bag
University
College
Popular
Company
Slogans
Restaurants
Justice
Letter
Random Quiz
Search Sporcle
×
Quiz Lab
Quiz Lab
Miscellaneous
Anime
Type answers based on single images at one time
Type answers based on single images at one time
Slideshow
Best Score? Go Orange.
Know your waifu Stats
Can you name the know your waifu?
By
astateen
10m
50 Questions
381 Plays
381 Plays
381 Plays
Comments
Comments
Give Quiz Kudos
Give Quiz Kudos
-
- Ratings
hide this ad
No Peeking
Image is hidden before quiz starts
Image is hidden before quiz starts
Replay
Link that replays current quiz
Next Quiz
Link to next quiz in quiz playlist
You Got
0%
They Got
Avg Score
19%
Avg Friend Score
Upgrade to see
Score Distribution
Jump to the score distribution portion of the page
Score
0/50
Timer
10:00
0
Plays Today
% Correct
hestia
63.1%
winry rockbell, winry
62.3%
akame
59.4%
matoi ryuko
51.2%
rias gremory
50.7%
rukia
49.9%
erza scarlet,
45.1%
Faye Valentine
42.7%
rin tohsaka, rin
39.3%
hitagi senjougahara
37.5%
tachibana kanade, tachibana, kanade
34.8%
rikka takanashi, rikka
34.8%
eru chitanda
34.8%
fuuka akitsuki, fuuka
28.2%
shirayuki
27.4%
yusa emi
27.4%
tomori nao, nao
23.5%
hanekawa tsubasa, hanekawa, tsubasa
22.4%
sakura chiyo, chiyo
20.1%
kanbaru suruga, kanbaru, suruga
18.2%
kuronuma sawako
18.2%
kuroyukihime
17.9%
chiaki nanami, nanami, chiaki
16.1%
Eucliwood Hellscythe
15.8%
ayase chihaya, chihaya
14.5%
% Correct
yin
14%
misaki ayuzawa
12.1%
mitsuha miyamizu
10.3%
mizuki himeji, mizuki, himeji
9%
sena kashiwazaki, kashiwazaki
7.4%
airi katagiri, katagiri
5.5%
nanami momozono
5.3%
himiko
5%
akari kawamoto, akari, kawamoto
4.7%
kyoka izumi, izumi
4.7%
Futaba Yoshioka, futaba, yoshioka
4.5%
azuki miho, miho, azuki
4.5%
hinagiku katsura
4.5%
touwa erio, erio, touwa
3.2%
hayashida nana
3.2%
Lenalee Lee, lenalee, lee
2.9%
natsume mio
2.4%
Izumi Shimomura, shimomura
2.1%
aoi kunieda, aoi, kunieda
2.1%
aki mikage
2.1%
Alisa Amiella
1.8%
ai nanasaki, ai, nanasaki
0.5%
natsu takasaki, takasaki
0.5%
ibara naruse, ibara, naruse
0.3%
megumi oumi, oumi
0.3%
Quiz Playlist
Details
Report
Send in Message
Add To Playlist
Slideshow:
Type answers based on single images at one time
No Peeking:
Image is hidden before quiz starts
Last Updated: Feb 10, 2018
Quiz Scoreboard
CHALLENGE
Sign Up to Join the Scoreboard
Show All
Scores
Hide
Comments
May contain spoilers
Recently Published
Colored Red Africa Blitz
by spor1
Geography
30s
Find the 'City' Movie
by crazypaving
Movies
60s
5x2 Blitz: Bands
by SL_Kpop136
Music
30s
More to Explore
Quiz From the Vault
Featured Blog Post
14 Easter Pick-up Lines to Find Eggs With
hide this ad
You Might Also Like...
Tags
Anime Quiz
Anime Characters
female
Today's Top Quizzes in Miscellaneous
Browse Miscellaneous
hide this ad
Today's Top Quizzes in Anime
Browse Anime
Top Contributed Quizzes in Miscellaneous
1
5-to-1: Fast Food
2
The JOE quick-fire general knowledge quiz: Day 174
3
9x9 Crossword: Disney Movie Titles
4
9x9 Crossword: Charlie and the Chocolate Factory
5
9x9 Crossword: Pixar Movie Titles
6
9x9 Crossword: Flags
7
9x9 Crossword: 2022 Movies
8
9x9 Crossword: Nickelodeon
9
9x9 Crossword: Actors
10
9x9 Crossword: Halloween
Explore More
Trending Topics
NBA
Marvel
Harry Potter
Kpop
Anime
Disney
Crossword
Puzzle
WWE
Country
Song
Soccer
Pokémon
NFL
The Office
hide this ad
More By:
astateen
Quiz
Plays
Rating
Category
Featured
Created
anime quiz
1,576
2.13
Entertainment
Jun 20, 2018
know your waifu
381
1.00
Miscellaneous
Feb 7, 2018
Go to Creator's Profile
Score Distribution
Quiz Creator Spotlight
astateen
Follow
Send a Message
Quizzes Created
-
Created Quiz Play Count
-
More By This Creator
Popular Quizzes Today
1
Colored Red Africa Blitz
2
Find the 'City' Movie
3
Find the US States - No Outlines Minefield
4
5x2 Blitz: Bands
5
The Countries of the World
6
Find the US States
7
US States
8
9x9 Crossword: Cartoon Network
More Miscellaneous Quizzes
Fancier Names For Food
Published
Trending Quizzes
Colored Red Europe Blitz I
Colored Red Europe Blitz II
Colored Red Africa Blitz II
Colored Red Africa Blitz III
Colored Red Europe Blitz III
Recently Updated
Grab Bag: 4-10 Letters
pecheneg
2024 March Madness Bracket
pecheneg
Famous TV Couples
Peacemaker
Champions League XIs: Real Madrid
pecheneg
Largest US Cities 1790-2010
pecheneg
Rides in Walt Disney World
pecheneg
Most Oscar Losses (Acting)
pecheneg
Beyoncé Albums
pecheneg
Leaping Animals
pecheneg
Reality TV Shows (A-Z)
bhenderson79
Trending Topics
Marvel
Anime
Harry Potter
Disney
Kpop
Crossword
NBA
Soccer
Puzzle
The Office
Pokémon
WWE
NFL
Country
Song
Your Account Isn't Verified!
In order to create a playlist on Sporcle, you need to verify the email address you used during registration. Go to your
Sporcle Settings
to finish the process.
Report this User
Report this user for behavior that violates our
Community Guidelines
.
Details:
Send Report
Go to the Sporcle.com Mobile Site →
Comments